[Rezension von: Dieter Daniels, Kunst als Sendung]
Saved in:
| Published in: | Kunstform 5(2004), 2 |
|---|---|
| Main Author: | |
| Document Type: | Online Resource Article |
| Language: | German |
| Published: |
2004
|
| Subjects: | |
| Online Access: | kostenfrei |
| Related Items: | Enthalten in:
Kunstform Rezension von: Kunst als Sendung |
| Author Notes: | rezensiert von Lars Blunck |
| LEADER | 01656caa a2200349 c 4500 | ||
|---|---|---|---|
| 001 | 1919835652 | ||
| 003 | DE-627 | ||
| 005 | 20260418222535.0 | ||
| 007 | cr uuu---uuuuu | ||
| 008 | 250314s2004 xx |||||oo 00| ||ger c | ||
| 035 | |a (DE-627)1919835652 | ||
| 035 | |a (DE-599)KXP1919835652 | ||
| 035 | |a (OCoLC)1533759233 | ||
| 040 | |a DE-627 |b ger |c DE-627 |e rda | ||
| 041 | |a ger | ||
| 084 | |a KUNST |q DE-16 |2 fid | ||
| 100 | 1 | |a Blunck, Lars |d 1970- |e VerfasserIn |0 (DE-588)124777600 |0 (DE-627)504158058 |0 (DE-576)294496947 |4 aut | |
| 245 | 1 | 0 | |a [Rezension von: Dieter Daniels, Kunst als Sendung] |c rezensiert von Lars Blunck |
| 264 | 1 | |c 2004 | |
| 300 | |b Illustrationen | ||
| 336 | |a Text |b txt |2 rdacontent | ||
| 337 | |a Computermedien |b c |2 rdamedia | ||
| 338 | |a Online-Ressource |b cr |2 rdacarrier | ||
| 655 | 7 | |a Rezension |0 (DE-588)4049712-4 |0 (DE-627)106186019 |0 (DE-576)209083166 |2 gnd-content | |
| 773 | 0 | 8 | |i Enthalten in |t Kunstform |d München : Ludwig-Maximilians-Universität München, Institut für Kunstgeschichte, 2000 |g 5(2004), 2 |h Online-Ressource |w (DE-627)382929004 |w (DE-600)2140180-9 |w (DE-576)281244731 |x 1618-7199 |7 nnas |
| 773 | 1 | 8 | |g volume:5 |g year:2004 |g number:2 |
| 787 | 0 | 8 | |i Rezension von |a Daniels, Dieter, 1957 - |t Kunst als Sendung |d München : Beck, 2002 |h 314 S. |w (DE-627)353821802 |w (DE-576)099825112 |z 3406495095 |
| 856 | 4 | 0 | |u https://www.arthistoricum.net/kunstform/rezension/ausgabe/2004/2/5161 |x Verlag |z kostenfrei |3 Volltext |7 0 |
| 951 | |a AR | ||
| 994 | |u https://www.arthistoricum.net/themen/rezensionen/kunstform/rezension/ausgabe/2004/2/5161 | ||
| 991 | |a Rezension (Monographie, Zeitschrift, Aufsatz) | ||
| 999 | |a KXP-PPN1919835652 |e 4988409139 | ||


